000 03223cam a22005054a 4500
001 muse76740
003 MdBmJHUP
005 20210127151740.0
006 m o d
007 cr||||||||nn|n
008 150919t20162016ne o 00 0 eng d
010 _z 2016455208
020 _a9789048525461
020 _a9048525462
020 _z9789089647634
020 _z9089647635
035 _a(OCoLC)1030818632
040 _aMdBmJHUP
_cMdBmJHUP
050 0 4 _aHM883
_b.S77 2016
082 0 _a303.484
_223
245 0 0 _aStreet Politics in the Age of Austerity
_cedited by Marcos Ancelovici, Pascale Dufour and Heloïse Nez.
300 _a1 online resource (312 pages) :
_billustrations ;
490 0 _aProtest and social movements ;
_v8
504 _aIncludes bibliographical references and index.
505 0 _aIntroduction: from the Indignados to Occupy: prospects for comparison / Pascale Dufour, Heloïse Nez and Marcos Ancelovici -- Austerity and new spaces for protest: the financial crisis and its victims / George Ross -- Mobilization of protest in the age of austerity / Hanspeter Kriesi -- The Spanish Indignados and Israel's social justice movement: the role of political cleavages in two large-scale protests / Ignacia Perugorría, Michael Shalev and Benjamín Tejerina -- "We must register a victory to continue fighting": locating the action of the Indignados in Madrid / Heloïse Nez -- The spatial dimensions of the Greek protest campaign against the troika's memoranda and austerity, 2010-2013 / Maria Kousis -- Occupy Montreal and the politics of horizontalism / Marcos Ancelovici -- Social movements and political moments: reflections on the intersections of global justice movements & Occupy Wall Street / Jackie Smith -- A global movement for real democracy? The resonance of anti-austerity protest from Spain and Greece to Occupy Wall Street / Leonidas Oikonomakis and Jerôme E. Roos -- Camps as the sole symbolic expression of protest: the difficulties of Occupy in Ireland / Clement Desbos and Frederic Royall -- The Occupy movement in France: why protests have not taken off/ Didier Chabanet and Arnaud Lacheret -- Conclusion: place-based movements and macro transformations / Pascale Dufour, Heloïse Nez and Marcos Ancelovici.
506 0 _aOpen Access
_fUnrestricted online access
_2star
588 _aDescription based on print version record.
650 0 _aProtest movements.
_2fast
_0(OCoLC)fst01079826
650 0 _aSocial movements
_2fast
_0(OCoLC)fst01122657
650 0 _aSocial movements
_xHistory
_y21st century.
650 0 _aProtest movements
_xHistory
_y21st century.
648 7 _a2000-2099
_2fast
655 0 _aHistory.
_2fast
_0(OCoLC)fst01411628
655 7 _aElectronic books.
_2local
700 1 _aNez, Heloïse,
_eeditor.
700 1 _aDufour, Pascale,
_d1971-
_eeditor.
700 1 _aAngelovici, Marcos,
_eeditor.
710 2 _aProject Muse.
_edistributor
830 0 _aProtest and social movements ;
_v8.
830 0 _aBook collections on Project MUSE.
856 4 0 _zFull text available:
_uhttps://muse.jhu.edu/book/66548/
999 _c26885
_d26885